| 000 | 00991nam a22003255a 4500 | ||
|---|---|---|---|
| 001 | 17318253 | ||
| 003 | OSt | ||
| 005 | 20140310183123.0 | ||
| 008 | 120525s2009 ph b 000 0 eng | ||
| 010 | _a 2012325231 | ||
| 020 | _a9789715065238 | ||
| 040 |
_aDLC _cDLC |
||
| 042 | _alcode | ||
| 050 |
_aDS676 _b.M175 2009 |
||
| 082 |
_aF959.9 _b.M175 2009 |
||
| 100 | 1 | _aMactal, Ronaldo B. | |
| 245 | 1 | 0 |
_aBuhay sibilyan : _bat iba pang kwento ng kabayanihan sa loob at labas ng bayan, 1896-1902 / _cMactal, Ronaldo B. |
| 260 |
_aManila : _bUniversity of Santo Tomas Pub. House, _cc2009. |
||
| 300 |
_aiii, 161 p. ; _c23 cm. |
||
| 504 | _aIncludes bibliographical references (p. 147-159). | ||
| 520 | _aOn Philippine revolution. | ||
| 521 | _aCollege Students | ||
| 526 | _c1210L-1700L | ||
| 541 | _j1 | ||
| 546 | _aIn Tagalog. | ||
| 562 | _e1 | ||
| 906 |
_a7 _bpar _corigode _d3 _encip _f20 _gy-gencatlg |
||
| 942 |
_2lcc _cBK _kFIL |
||
| 999 |
_c18971 _d18971 |
||